000 00840nam a2200253 a 4500
001 BRCA_6798
005 20190320205609.0
008 031111s1903----enka######---#000-0#eng-#
041 _aeng
044 _aenk
050 4 _aPZ3
_b.N49 4 1903
100 1 _aThackeray, William Makepeace
_d1811-1863
_916949
245 1 0 _aVanity Fair
_ba Novel without a Hero
_cby William Makepeace Thackeray.
260 _aLondres
_bThomas Nelson and Sons
_c1903
300 _a784 p.
_bil.
_c16 cm.
440 0 _aNew century library. The works of William Makepeace Thackeray
_vv.1
_916950
500 _aEdición con canto de cabeza dorado
500 _aEstado físico: lomo deteriorado, las cubiertas se están despegando
500 _aVer también N5, N6 y N7
500 _aN8
650 1 4 _aLiteratura inglesa
_916951
902 _aGFM
942 _2lcc
_cB
999 _c6481
_d6481